[Event "SR 5. liga SE-SI 2017/2018"]
[Site "?"]
[Date "2017.10.21"]
[Round "1.4"]
[White "Trojkova, Michaela"]
[Black "Drozd, Jan"]
[Result "1-0"]
[WhiteElo "1648"]
[BlackElo "1543"]
[PlyCount "50"]
[EventDate "2017.??.??"]

1. d4 Nf6 2. c4 e6 3. Nf3 d5 4. e3 Nbd7 5. Nc3 Bb4 6. Bd2 O-O 7. a3 Bd6 8. Bd3
dxc4 9. Bxc4 Nb6 10. Bd3 c5 11. dxc5 Bxc5 12. Qc2 h6 13. O-O Bd7 14. Ne4 Be7
15. Rac1 Rc8 16. Qb1 Rxc1 17. Rxc1 Bc6 18. Nd4 Bxe4 19. Bxe4 Nxe4 20. Qxe4 Nd5
21. h3 Qd7 22. Qc2 Bd6 23. Qc4 a6 24. Qc2 Nb6 25. Qb3 Nd5 {
ciernemu zazvonil mobilny telefon} 1-0

[Event "SR 5. liga SE-SI 2017/2018"]
[Site "?"]
[Date "2017.10.21"]
[Round "1.4"]
[White "Bazovsky, Max"]
[Black "Hrdlicka, Martin"]
[Result "0-1"]
[WhiteElo "1333"]
[BlackElo "1338"]
[PlyCount "68"]
[EventDate "2017.??.??"]

1. d4 d5 2. e3 Nf6 3. Bd3 Bg4 4. Ne2 e6 5. Nbc3 Nc6 6. a3 Be7 7. Bd2 Qd7 8. h3
Bh5 9. g4 Bg6 10. Bxg6 hxg6 11. Nf4 e5 12. Nd3 exd4 13. Ne2 dxe3 14. Bxe3 Nxg4
15. Bc5 O-O-O 16. Qd2 Nf6 17. O-O-O Ne4 18. Qe3 Bxc5 19. Nxc5 Nxc5 20. Qxc5
Rxh3 21. Rhf1 Qe7 22. Qxe7 Nxe7 23. Rd2 c6 24. Rd4 Rhh8 25. Ng3 Nf5 26. Ra4 a6
27. Ne2 Rhe8 28. Kd2 Re4 29. Rxe4 dxe4+ 30. Ke1 Nh4 31. Nc3 f5 32. Ke2 g5 33.
Nd1 Nf3 34. c3 f4 0-1

[Event "SR 5. liga SE-SI 2017/2018"]
[Site "?"]
[Date "2017.10.21"]
[Round "1.4"]
[White "Nater, Nikolas"]
[Black "Kaufman, Robert"]
[Result "0-1"]
[WhiteElo "1264"]
[BlackElo "1332"]
[PlyCount "84"]
[EventDate "2017.??.??"]

1. e4 e5 2. Nf3 Nc6 3. Nc3 Bc5 4. Bc4 d6 5. d3 Bg4 6. Bg5 f6 7. Be3 Qd7 8. h3
Bh5 9. g4 Bf7 10. Bxf7+ Qxf7 11. d4 exd4 12. Bxd4 O-O-O 13. Qd2 Bxd4 14. Nxd4
Nge7 15. Nxc6 Nxc6 16. O-O-O Ne5 17. Qf4 Kb8 18. b3 Rhe8 19. Rd2 Ng6 20. Qg3
Re5 21. b4 Qc4 22. f4 Nxf4 23. Nd5 Qxe4 24. Nxf4 Qxh1+ 25. Rd1 Qe4 26. Nd3 Qd4
27. Nxe5 Qa1+ 28. Kd2 dxe5+ 29. Qd3 Rxd3+ 30. cxd3 Qb2+ 31. Ke1 Qxb4+ 32. Rd2
Qb1+ 33. Ke2 c5 34. h4 b5 35. h5 Qg1 36. Kf3 Qd4 37. g5 Qf4+ 38. Ke2 Qxg5 39.
Rc2 Qxh5+ 40. Kd2 Qh2+ 41. Kc3 Qg1 42. Kb3 Qb1+ 0-1

[Event "SR 5. liga SE-SI 2017/2018"]
[Site "?"]
[Date "2017.10.21"]
[Round "1.4"]
[White "Kaufman, Roman"]
[Black "Oslej, Marek"]
[Result "0-1"]
[WhiteElo "1000"]
[BlackElo "1180"]
[PlyCount "142"]
[EventDate "2017.??.??"]

1. e4 e5 2. Nf3 Nc6 3. Bc4 Bc5 4. c3 d6 5. a4 a6 6. b4 Ba7 7. Bd5 Nge7 8. d3
Bg4 9. h3 Bh5 10. Qb3 Bxf3 11. Bxf7+ Kf8 12. gxf3 Ng6 13. Rg1 Qd7 14. Bxg6 hxg6
15. Ba3 Re8 16. b5 Nd8 17. Nd2 Qe7 18. Ke2 Rh6 19. Rg3 Ne6 20. Rag1 Nf4+ 21.
Kd1 Bxf2 22. bxa6 bxa6 23. Qc4 a5 24. Nb3 Bxg1 25. Rxg1 Qf7 26. Qxf7+ Kxf7 27.
Rg3 Ke6 28. Kd2 Kd7 29. Ke3 Ra8 30. h4 Rxh4 31. c4 Rh3 32. Rg4 Rh4 33. Rxh4
Ng2+ 34. Kf2 Nxh4 35. Kg3 g5 36. Kg4 Kc6 37. Bc1 Rf8 38. Bxg5 Nxf3 39. Be7 Rf7
40. Bd8 Kd7 41. Bh4 Nxh4 42. Kxh4 Rf3 43. Nc1 Rf1 44. Nb3 Rd1 45. c5 Rxd3 46.
Nxa5 dxc5 47. Nb7 Kc6 48. Na5+ Kd6 49. Nc4+ Ke6 50. Kg5 Rd4 51. Ne3 Rxe4 52.
Nf5 Rxa4 53. Nxg7+ Kd7 54. Kf5 e4 55. Ne6 Kd6 56. Nf4 c4 57. Kxe4 c3+ 58. Ke3
Rxf4 59. Kd3 Rh4 60. Kxc3 Kd5 61. Kd3 Rh3+ 62. Ke2 Ke4 63. Kf2 Ra3 64. Ke2 Ra2+
65. Kd1 Ke3 66. Kc1 Kd3 67. Kb1 Rh2 68. Ka1 Kc3 69. Kb1 Rg2 70. Ka1 Kb3 71. Kb1
Rg1# 0-1

[Event "SR 5. liga SE-SI 2017/2018"]
[Site "?"]
[Date "2017.10.21"]
[Round "1.4"]
[White "Valent, Tomas"]
[Black "Kaufmanova, Karin"]
[Result "1-0"]
[WhiteElo "1189"]
[BlackElo "1092"]
[PlyCount "123"]
[EventDate "2017.??.??"]

1. e4 e5 2. Nf3 Nc6 3. Bc4 Nf6 4. O-O Bc5 5. c3 Be7 6. Re1 O-O 7. d4 exd4 8.
cxd4 Bb4 9. Nc3 d6 10. Bg5 Bxc3 11. bxc3 Re8 12. Qb3 Be6 13. d5 Bxd5 14. Bxd5
Rf8 15. Bxf6 Qxf6 16. Bxc6 bxc6 17. Qb7 Qxc3 18. Qxc7 Rfe8 19. Qxd6 Qc4 20. Qd4
Qc2 21. Nh4 Rad8 22. Qxa7 Rxe4 23. Nf3 h6 24. Rac1 Rxe1+ 25. Rxe1 Rd1 26. Qe3
Rb1 27. h3 c5 28. Rxb1 Qxb1+ 29. Kh2 c4 30. a4 Qb4 31. Qc1 Qb8+ 32. g3 Qa8 33.
Ne5 Qxa4 34. Qxc4 Qe8 35. Qd5 Qe6 36. Qxe6 fxe6 37. f4 g5 38. fxg5 hxg5 39. Kg2
Kg7 40. Kf3 Kf6 41. Ke4 Kg7 42. Ng4 Kg6 43. Ke5 Kf7 44. Ne3 Ke7 45. Nc2 Kf7 46.
Nd4 Kg6 47. Nxe6 Kh5 48. Kf5 Kh6 49. Nxg5 Kh5 50. Nf3 Kh6 51. g4 Kg7 52. h4 Kh6
53. h5 Kg7 54. g5 Kh7 55. h6 Kh8 56. g6 Kg8 57. Kf6 Kh8 58. g7+ Kg8 59. h7+
Kxh7 60. Kf7 Kh6 61. g8=Q Kh5 62. Qg5# 1-0

[Event "SR 5. liga SE-SI 2017/2018"]
[Site "?"]
[Date "2017.11.04"]
[Round "2.1"]
[White "Visvader, Kristof"]
[Black "Celustkova, Lubica"]
[Result "0-1"]
[WhiteElo "1260"]
[BlackElo "1709"]
[PlyCount "82"]
[EventDate "2017.??.??"]

1. e4 c5 2. Nf3 Nc6 3. d4 cxd4 4. Nxd4 g6 5. Be3 Bg7 6. Nc3 Nf6 7. Be2 O-O 8.
Bf3 d6 9. Qd2 Ng4 10. Nxc6 bxc6 11. Bxg4 Bxg4 12. f3 Bd7 13. O-O Qa5 14. Bh6
Qb6+ 15. Be3 Qxb2 16. Bd4 Bxd4+ 17. Qxd4 Qb6 18. Rfd1 Rfb8 19. Qxb6 Rxb6 20. e5
d5 21. Na4 Rb4 22. Nc5 Rd8 23. Rab1 Rc4 24. Nxd7 Rxd7 25. Rb8+ Kg7 26. Rc1 d4
27. Rbb1 a5 28. Kf2 c5 29. Ke2 a4 30. Kd2 Rc3 31. Rd1 Ra3 32. Ra1 Rb7 33. Kc1
Re3 34. Rb1 Rxb1+ 35. Kxb1 Rxe5 36. Kb2 Re6 37. Rd2 Ra6 38. Ka3 e5 39. Re2 f6
40. c3 Kf7 41. g3 g5 0-1

[Event "SR 5. liga SE-SI 2017/2018"]
[Site "?"]
[Date "2017.11.04"]
[Round "2.1"]
[White "Trojkova, Michaela"]
[Black "Visvader, Rudolf"]
[Result "1-0"]
[WhiteElo "1654"]
[BlackElo "1259"]
[PlyCount "45"]
[EventDate "2017.??.??"]

1. e4 e5 2. Nf3 Nc6 3. Bc4 f6 4. d4 h6 5. dxe5 h5 6. exf6 Nxf6 7. Bg5 d6 8. Nc3
Be7 9. Qd2 Rf8 10. O-O-O Bg4 11. h3 Bxf3 12. gxf3 Qd7 13. f4 Rd8 14. f5 Ne5 15.
Be6 Qc6 16. Qe2 a6 17. Bxf6 g6 18. Bxe7 Kxe7 19. Nd5+ Ke8 20. fxg6 Nf3 21. g7
Qxc2+ 22. Kxc2 Nd4+ 23. Rxd4 1-0

[Event "SR 5. liga SE-SI 2017/2018"]
[Site "?"]
[Date "2017.11.04"]
[Round "2.1"]
[White "Oslej, Marek"]
[Black "Buraj, Patrik"]
[Result "1-0"]
[WhiteElo "1180"]
[BlackElo "1000"]
[PlyCount "97"]
[EventDate "2017.??.??"]

1. e4 e5 2. Nf3 Nc6 3. Bc4 Bc5 4. c3 Nf6 5. d4 d6 6. Bg5 exd4 7. cxd4 Bb6 8.
Nc3 Bg4 9. h3 Bxf3 10. Qxf3 Qe7 11. Bxf6 gxf6 12. Nd5 Qe6 13. Nxc7+ Bxc7 14.
Bxe6 fxe6 15. Qxf6 Rf8 16. Qxe6+ Ne7 17. Qb3 Rb8 18. O-O b6 19. Qa4+ Kd8 20.
Rac1 a5 21. Qc2 Rc8 22. Qd3 Re8 23. Qa3 Rf8 24. Rfe1 Ng6 25. Qg3 d5 26. Qg5+
Ke8 27. exd5+ Kf7 28. Rc6 Bd8 29. Qg4 Bc7 30. Qd7+ Kg8 31. Rxc7 Rxc7 32. Qxc7
Rf7 33. Qb8+ Rf8 34. Qxb6 a4 35. Qa5 a3 36. Qxa3 Kg7 37. d6 Kg8 38. d7 Kg7 39.
Re8 Rxe8 40. dxe8=Q Kh6 41. Qae3+ Kg7 42. Qd7+ Kf6 43. Qf3+ Kg5 44. Qff5+ Kh6
45. g4 Nf8 46. g5+ Kh5 47. g6+ Kh6 48. Qxf8+ Kh5 49. Qg4# 1-0

[Event "SR 5. liga SE-SI 2017/2018"]
[Site "?"]
[Date "2017.11.04"]
[Round "2.1"]
[White "Viveiros, Cristino"]
[Black "Valent, Tomas"]
[Result "0-1"]
[WhiteElo "1000"]
[BlackElo "1189"]
[PlyCount "84"]
[EventDate "2017.??.??"]

1. e4 e5 2. Nf3 Nc6 3. Bb5 a6 4. Bd3 Nf6 5. Nc3 Bc5 6. Bc4 O-O 7. d3 d6 8. Bg5
Bg4 9. Qd2 Bxf3 10. gxf3 Nd4 11. f4 Nf3+ 12. Kd1 Nxd2 13. Bb3 Nxb3 14. axb3
exf4 15. Rg1 Bxf2 16. Rf1 Bd4 17. Ne2 Bxb2 18. Rb1 Ba3 19. Nxf4 h6 20. Bh4 g5
21. Bg3 gxf4 22. Bxf4 Bc5 23. Kd2 Kh7 24. Rf3 d5 25. Re3 Bxe3+ 26. Bxe3 dxe4
27. d4 Nd5 28. Bf2 e3+ 29. Bxe3 Nxe3 30. Kxe3 Re8+ 31. Kd3 f5 32. Rf1 Qd7 33.
h4 Qb5+ 34. c4 Qxb3+ 35. Kd2 Qxc4 36. Rxf5 Qxd4+ 37. Kc2 Qe4+ 38. Kb3 Qxf5 39.
Ka4 Re4+ 40. Ka3 Qf3+ 41. Ka2 Re2+ 42. Ka1 Qf1# 0-1

[Event "SR 5. liga SE-SI 2017/2018"]
[Site "?"]
[Date "2017.11.04"]
[Round "2.2"]
[White "Fajtakova, Silvia"]
[Black "Bartos, Bohumil"]
[Result "1/2-1/2"]
[WhiteElo "1267"]
[BlackElo "1594"]
[PlyCount "87"]
[EventDate "2017.??.??"]

1. e4 c6 2. d4 d5 3. e5 Bf5 4. Nf3 e6 5. Bd3 Ne7 6. Bg5 Bxd3 7. Qxd3 h6 8. Bh4
g5 9. Bg3 Qb6 10. b3 Nf5 11. c3 Nd7 12. h3 c5 13. Bh2 cxd4 14. cxd4 Bb4+ 15.
Nbd2 Rc8 16. O-O O-O 17. Rac1 Ba3 18. Rc3 Bb2 19. Rxc8 Rxc8 20. g4 Nxd4 21. Rb1
Rc3 22. Qxd4 Qxd4 23. Nxd4 Rc1+ 24. Rxc1 Bxc1 25. N2f3 Nc5 26. h4 Ne4 27. hxg5
hxg5 28. Nb5 a6 29. Nd6 b5 30. Nxe4 dxe4 31. Ne1 Kg7 32. Kf1 Kg6 33. Ke2 Bf4
34. Bg3 f6 35. exf6 Kxf6 36. f3 Bxg3 37. Ng2 exf3+ 38. Kxf3 Bd6 39. Ke4 Bb4 40.
Ne3 Bc5 41. Nc2 e5 42. Ne1 Bf2 43. Nd3 Bd4 44. Nb4 1/2-1/2

[Event "SR 5. liga SE-SI 2017/2018"]
[Site "?"]
[Date "2017.11.04"]
[Round "2.2"]
[White "Davidik, Miroslav"]
[Black "Tomasovic, Pavol"]
[Result "1/2-1/2"]
[WhiteElo "1400"]
[BlackElo "1300"]
[PlyCount "54"]
[EventDate "2017.??.??"]

1. e4 e6 2. d4 d5 3. e5 c5 4. c3 Nc6 5. Nf3 Qb6 6. a3 Nh6 7. Be2 Nf5 8. dxc5
Bxc5 9. O-O O-O 10. b4 Be7 11. Bd3 Qc7 12. Qe2 f6 13. Bxf5 exf5 14. exf6 Bxf6
15. Bb2 Bd7 16. Qd1 Be6 17. Re1 Rae8 18. Nbd2 Bf7 19. Qa4 a6 20. Qd1 Ne5 21.
Nd4 Ng4 22. g3 Rxe1+ 23. Qxe1 f4 24. N2f3 fxg3 25. fxg3 Re8 26. Qd2 Bg6 27. Re1
Qd7 1/2-1/2

[Event "SR 5. liga SE-SI 2017/2018"]
[Site "?"]
[Date "2017.11.04"]
[Round "2.2"]
[White "Krakovsky, Jakub"]
[Black "Novomesky, Roman"]
[Result "0-1"]
[WhiteElo "1239"]
[BlackElo "1009"]
[PlyCount "106"]
[EventDate "2017.??.??"]

1. e4 e5 2. Nf3 Nc6 3. Bc4 Nf6 4. Ng5 d5 5. exd5 Nxd5 6. d3 Bc5 7. Qf3 Be6 8.
Nc3 Nd4 9. Qe4 Nxc2+ 10. Kd1 Nxc3+ 11. bxc3 Nxa1 12. Bxe6 fxe6 13. Nxe6 Qd7 14.
Nxc5 Qe7 15. d4 O-O 16. Qxe5 Qxe5 17. dxe5 Rad8+ 18. Bd2 Rxf2 19. Ne4 Rxg2 20.
h3 Kf7 21. Rf1+ Ke6 22. Kc1 Rd5 23. Bf4 Rb5 24. Nd2 a5 25. Nf3 Rc2+ 26. Kd1
Rb1+ 27. Bc1 Rcxc1+ 28. Ke2 Rxf1 29. Nd2 Rbe1+ 30. Kd3 Rd1 31. Ke2 Nc2 32. Nxf1
Rxf1 33. Kxf1 Kxe5 34. Ke2 b5 35. Kd3 Ne1+ 36. Ke2 Ng2 37. Kf3 b4 38. cxb4 axb4
39. Kxg2 Kd4 40. Kf3 c5 41. Kg4 c4 42. Kf5 c3 43. Ke6 c2 44. Kf7 c1=Q 45. Kxg7
Qc6 46. Kxh7 Ke5 47. h4 Qe4+ 48. Kg8 Qxh4 49. Kf8 Ke6 50. a3 bxa3 51. Kg8 Qe7
52. Kh8 Kf6 53. Kg8 Qg7# 0-1

[Event "SR 5. liga SE-SI 2017/2018"]
[Site "?"]
[Date "2017.11.04"]
[Round "2.2"]
[White "Vozar, Adam"]
[Black "Parizek, Ondrej"]
[Result "1/2-1/2"]
[WhiteElo "1058"]
[BlackElo "1000"]
[PlyCount "121"]
[EventDate "2017.??.??"]

1. e4 e5 2. Nf3 Nf6 3. Nc3 Nc6 4. Bb5 Nd4 5. O-O c6 6. Bc4 d5 7. Bd3 dxe4 8.
Bxe4 Nxe4 9. Nxe4 Bg4 10. Kh1 Bxf3 11. gxf3 f5 12. c3 Ne6 13. Ng3 g6 14. Qe2
Bd6 15. d4 Qf6 16. Re1 e4 17. d5 Nf4 18. Bxf4 Bxf4 19. fxe4 O-O 20. exf5 Qh4
21. Qc4 Rxf5 22. d6+ Kg7 23. Kg2 Rg5 24. Rad1 Qg4 25. Re7+ Kf6 26. Qd4+ Be5 27.
Qxg4 Rxg4 28. Rxh7 Re8 29. d7 Rd8 30. h3 Rg5 31. h4 Rg4 32. Kh3 Rf4 33. Nh1 Ke6
34. Rg1 Rf6 35. Rg5 Bf4 36. Rg4 Rxd7 37. Rxd7 Kxd7 38. Ng3 Bxg3 39. Kxg3 Ke6
40. f4 Kf5 41. Rg5+ Ke4 42. Re5+ Kd3 43. Rc5 Kc2 44. b4 Rd6 45. f5 gxf5 46. Kf4
Rd5 47. h5 Rd6 48. Kxf5 b6 49. Ke5 Rh6 50. Rc4 Rxh5+ 51. Kd6 Rh6+ 52. Kc7 Kb2
53. Rxc6 Rxc6+ 54. Kxc6 Kxa2 55. Kb7 Kb3 56. b5 Kc4 57. Ka6 Kc5 58. Kxa7 Kxb5
59. Kb7 Kc5 60. c4 Kxc4 61. Kxb6 1/2-1/2

[Event "SR 5. liga SE-SI 2017/2018"]
[Site "?"]
[Date "2017.11.04"]
[Round "2.3"]
[White "Romanova, Ela"]
[Black "Svrcek, Daniel"]
[Result "1-0"]
[WhiteElo "1393"]
[BlackElo "1291"]
[PlyCount "99"]
[EventDate "2017.??.??"]

1. d4 e6 2. Nf3 d5 3. Nc3 c5 4. e4 Nc6 5. Be3 Qb6 6. exd5 cxd4 7. Nxd4 Nxd4 8.
Bxd4 Qc7 9. dxe6 Bxe6 10. Bb5+ Bd7 11. Qe2+ Ne7 12. O-O Bxb5 13. Qxb5+ Qc6 14.
Rad1 a6 15. Qxc6+ Nxc6 16. Rfe1+ Ne7 17. Bc5 Rd8 18. Bd6 f6 19. Rd3 Kf7 20.
Red1 Nc6 21. Bxf8 Rhxf8 22. g3 Kg8 23. a3 Rxd3 24. Rxd3 Ne5 25. Rd1 Re8 26. Kf1
Kf7 27. Ne4 Kg6 28. b3 Nf3 29. Nd6 Re7 30. Kg2 Ne1+ 31. Kf1 Nxc2 32. a4 Rd7 33.
Rd2 Nb4 34. h4 h6 35. g4 Nc6 36. h5+ Kh7 37. f4 Nd8 38. Ke2 Ne6 39. f5 Nc5 40.
Nc4 Rxd2+ 41. Nxd2 Kg8 42. Ke3 Kf7 43. Kd4 Nd7 44. Nc4 Ke7 45. Kd5 Nb8 46. Nd6
b5 47. axb5 axb5 48. Nxb5 Kd7 49. Nd4 Nc6 50. Nxc6 1-0

[Event "SR 5. liga SE-SI 2017/2018"]
[Site "?"]
[Date "2017.11.04"]
[Round "2.3"]
[White "Horak, Viliam"]
[Black "Dubanova, Kristina"]
[Result "1-0"]
[WhiteElo "1210"]
[BlackElo "1021"]
[PlyCount "65"]
[EventDate "2017.??.??"]

1. d4 d5 2. c4 Nf6 3. cxd5 Nxd5 4. e4 Nb6 5. Nc3 e6 6. Nf3 Bd6 7. Bd3 Nc6 8. a3
O-O 9. O-O Bd7 10. e5 Be7 11. Qc2 f5 12. Bf4 Be8 13. Ne2 Nd5 14. Bd2 Bg6 15.
Nc3 Nb6 16. Be3 Qe8 17. Rfd1 f4 18. Bxg6 Qxg6 19. Qxg6 hxg6 20. Bd2 Rad8 21.
Ne2 Nd5 22. Rac1 g5 23. h3 a6 24. Nc3 Nb6 25. Be1 Nc4 26. Rc2 N6a5 27. Ne4 b5
28. Nexg5 Bxg5 29. Nxg5 Nc6 30. Nxe6 Rfe8 31. Nxd8 Rxd8 32. Bc3 Rd7 33. Re2 1-0

[Event "SR 5. liga SE-SI 2017/2018"]
[Site "?"]
[Date "2017.11.04"]
[Round "2.3"]
[White "Romanova, Ema"]
[Black "Datko, Jan"]
[Result "0-1"]
[WhiteElo "1000"]
[BlackElo "1189"]
[PlyCount "88"]
[EventDate "2017.??.??"]

1. d4 d5 2. Nf3 Bg4 3. Nc3 e6 4. h3 Bxf3 5. exf3 Nf6 6. Bg5 Be7 7. Qd2 O-O 8.
O-O-O h6 9. Bh4 Nc6 10. g4 Nh7 11. Bxe7 Qxe7 12. Bd3 Ng5 13. Qf4 a6 14. h4 Nh7
15. Bxh7+ Kxh7 16. g5 h5 17. Qg3 g6 18. Rde1 Rad8 19. f4 f5 20. gxf6 Qxf6 21.
Rhf1 Nxd4 22. Qg5 Qxf4+ 23. Qxf4 Rxf4 24. Rh1 e5 25. Ref1 e4 26. Rd1 c5 27. Rd2
b6 28. Na4 Rd6 29. c3 Nf3 30. Re2 b5 31. Nxc5 Rc6 32. Nb3 Nxh4 33. Nd4 Rcf6 34.
b4 Nf3 35. Kb2 Nxd4 36. cxd4 Rf3 37. Rh2 Kh6 38. Re3 Rxf2+ 39. Rxf2 Rxf2+ 40.
Kb3 Rf3 41. Rc3 Rxc3+ 42. Kxc3 h4 43. Kd2 h3 44. Ke3 h2 0-1

[Event "SR 5. liga SE-SI 2017/2018"]
[Site "?"]
[Date "2017.11.04"]
[Round "2.3"]
[White "Sefcik, Oliver"]
[Black "Dujsik, Radko"]
[Result "1-0"]
[WhiteElo "1079"]
[BlackElo "1039"]
[PlyCount "71"]
[EventDate "2017.??.??"]

1. e4 e5 2. Nf3 Nc6 3. Bc4 Nf6 4. d3 Bb4+ 5. c3 Ba5 6. O-O d6 7. Bg5 Bg4 8.
Nbd2 h6 9. Bh4 g5 10. Bg3 Qd7 11. a4 a6 12. b4 Bb6 13. Qb3 a5 14. b5 Na7 15.
Rfe1 O-O 16. d4 Bxf3 17. Nxf3 exd4 18. cxd4 Rfe8 19. e5 d5 20. Bd3 Ng4 21. h3
c6 22. hxg4 Rac8 23. bxc6 Qxc6 24. Rab1 Re6 25. Bf5 Qc4 26. Qxc4 dxc4 27. Bxe6
fxe6 28. Rxb6 Rc7 29. Reb1 Nb5 30. R6xb5 c3 31. Ne1 c2 32. Nxc2 Rxc2 33. Rxb7
Rc8 34. Rb8 Rxb8 35. Rxb8+ Kh7 36. Rb5 1-0

[Event "SR 5. liga SE-SI 2017/2018"]
[Site "?"]
[Date "2017.11.04"]
[Round "2.3"]
[White "Budinsky, Juraj"]
[Black "Sefcik, Marek"]
[Result "0-1"]
[WhiteElo "1000"]
[BlackElo "1050"]
[PlyCount "93"]
[EventDate "2017.??.??"]

1. e4 e5 2. Nf3 Nc6 3. Bb5 a6 4. Ba4 Nf6 5. Nc3 Bc5 6. O-O b5 7. Bb3 d6 8. d3
h6 9. h3 O-O 10. Ne2 d5 11. exd5 Nxd5 12. Ng3 a5 13. c3 a4 14. Bc2 Nb6 15. Bd2
Be6 16. Qc1 Re8 17. Bxh6 gxh6 18. Qxh6 Bf8 19. Qg5+ Bg7 20. Qxd8 Raxd8 21. b3
a3 22. Rad1 Nd5 23. c4 bxc4 24. bxc4 Nc3 25. Ra1 Nd4 26. Nxd4 Rxd4 27. Rfe1 Rb8
28. Nh5 Bh6 29. Rxe5 Rb2 30. Bb3 Rxd3 31. Rc5 Rdd2 32. Rxc7 Nxa2 33. Bxa2 Rxa2
34. Re1 Rac2 35. c5 Bf8 36. Nf6+ Kg7 37. Ne4 Rd7 38. Rc6 Bd5 39. Rc8 Bb7 40.
Re8 Bxc5 41. g4 Bxe4 42. R1xe4 Bxf2+ 43. Kf1 a2 44. Ra4 Rd1+ 45. Kg2 Bh4+ 46.
Kf3 a1=Q 47. g5 0-1

[Event "SR 5. liga SE-SI 2017/2018"]
[Site "?"]
[Date "2017.11.04"]
[Round "2.4"]
[White "Solovic, Rastislav"]
[Black "Kastler, Peter"]
[Result "1/2-1/2"]
[WhiteElo "1822"]
[BlackElo "1724"]
[PlyCount "138"]
[EventDate "2017.??.??"]

1. e4 e6 2. d4 d5 3. exd5 exd5 4. Bd3 Nf6 5. Bf4 Bd6 6. Ne2 O-O 7. O-O Re8 8.
Nbc3 c6 9. Qd2 Bg4 10. Rfe1 Qc7 11. Bxd6 Qxd6 12. Ng3 Nbd7 13. h3 Bh5 14. a3
Bg6 15. Bxg6 hxg6 16. b3 Nf8 17. a4 Ne6 18. Nce2 Re7 19. c3 Rae8 20. Nc1 Nf4
21. Rxe7 Rxe7 22. Nd3 Nxd3 23. Qxd3 Ne4 24. Nxe4 Rxe4 25. b4 Qe7 26. Kf1 Qd6
27. g3 Qf6 28. Kg2 Qe6 29. Ra2 Re1 30. a5 f5 31. h4 a6 32. Qf3 Qe4 33. Qxe4
Rxe4 34. Rd2 Kf7 35. Kf3 Kf6 36. Rd1 Re8 37. Rh1 Re4 38. Rg1 Re8 39. g4 Re4 40.
Rg3 Kf7 41. gxf5 gxf5 42. Rh3 g6 43. Rh1 Kg7 44. h5 g5 45. Kg3 Rg4+ 46. Kf3
Rf4+ 47. Kg3 Rg4+ 48. Kf3 Kh6 49. Re1 Re4 50. Rh1 Rh4 51. Re1 Kxh5 52. Re7 Rh3+
53. Kg2 Rxc3 54. Rxb7 Rc4 55. Rb6 Rxd4 56. Rxa6 Rxb4 57. Rxc6 Kg4 58. Rd6 d4
59. a6 Ra4 60. a7 Rxa7 61. Rxd4+ f4 62. Rb4 Re7 63. Ra4 Re5 64. Rb4 Kf5 65. Rb8
Kg4 66. Rb4 Kh4 67. Kf3 Rf5 68. Rb8 Kh5 69. Rh8+ Kg6 1/2-1/2

[Event "SR 5. liga SE-SI 2017/2018"]
[Site "?"]
[Date "2017.11.04"]
[Round "2.4"]
[White "Ralbovsky, Milan"]
[Black "Otepka, Vladimir"]
[Result "0-1"]
[WhiteElo "1500"]
[BlackElo "1769"]
[PlyCount "110"]
[EventDate "2017.??.??"]

1. e4 c5 2. d3 d6 3. Nc3 Nc6 4. Be3 Nf6 5. Be2 g6 6. h3 Bg7 7. Nf3 O-O 8. a3 a6
9. Qd2 b5 10. O-O Bb7 11. Bh6 Qc7 12. Rae1 e6 13. Bxg7 Kxg7 14. Qg5 Nd7 15. Bd1
f6 16. Qg3 Rf7 17. Ne2 e5 18. c3 Ne7 19. Bc2 Nb6 20. Rc1 Bc6 21. Rfd1 Qb7 22.
b3 d5 23. Nd2 c4 24. f3 Rd8 25. Rb1 Qa7 26. d4 cxb3 27. Rxb3 Nc4 28. Nxc4 dxc4
29. Rbb1 Be8 30. Kh2 Nc6 31. d5 Na5 32. Rd2 Qc5 33. Qg4 Bd7 34. Qg3 Qd6 35. Qf2
f5 36. g3 fxe4 37. Bxe4 Nb3 38. Ra2 Nc5 39. Nc1 Nxe4 40. Qc2 Nc5 41. Qg2 Qxd5
42. Rf2 Bc6 43. Rbb2 Rdf8 44. Rbd2 Qe6 45. Qf1 Rxf3 46. Rxf3 Rxf3 47. Rf2 Qf6
48. Kg1 Rxf2 49. Qxf2 Qxf2+ 50. Kxf2 Nd3+ 51. Nxd3 cxd3 52. Ke3 e4 53. Kd2 Kf6
54. Ke3 Ke5 55. Kd2 h5 0-1

[Event "SR 5. liga SE-SI 2017/2018"]
[Site "?"]
[Date "2017.11.04"]
[Round "2.4"]
[White "Rehak, Vladimir"]
[Black "Hyza, Richard"]
[Result "0-1"]
[WhiteElo "1622"]
[BlackElo "1367"]
[PlyCount "54"]
[EventDate "2017.??.??"]

1. f4 d5 2. Nf3 Nc6 3. e3 Nf6 4. Bb5 Bg4 5. O-O e6 6. d3 Be7 7. h3 Bh5 8. g4
Bg6 9. Ne5 O-O 10. Nxc6 bxc6 11. Bxc6 Rb8 12. Nd2 h6 13. Nf3 Nd7 14. Ne5 Nxe5
15. fxe5 Bh4 16. a3 Qg5 17. d4 f5 18. exf6 Rxf6 19. Rxf6 Qxf6 20. Qe2 Rf8 21.
c3 Be4 22. Bb5 Qf2+ 23. Qxf2 Bxf2+ 24. Kh2 Bh4 25. b4 Rf2+ 26. Kg1 Rg2+ 27. Kf1
Bf3 0-1

[Event "SR 5. liga SE-SI 2017/2018"]
[Site "?"]
[Date "2017.11.04"]
[Round "2.4"]
[White "Durec, Martin"]
[Black "Lanza, Matej"]
[Result "1-0"]
[WhiteElo "1450"]
[BlackElo "1228"]
[PlyCount "75"]
[EventDate "2017.??.??"]

1. e4 e5 2. Nf3 Nc6 3. Bc4 Nf6 4. d3 d6 5. O-O Be7 6. h3 O-O 7. Nc3 h6 8. d4
Na5 9. Be2 Be6 10. d5 Bd7 11. b4 c6 12. bxa5 Qxa5 13. dxc6 Qxc3 14. cxb7 Qxa1
15. bxa8=Q Rxa8 16. Bc4 Qc3 17. Bb3 Nxe4 18. Qd5 Bc6 19. Qxf7+ Kh8 20. Qxe7 Re8
21. Qxa7 Qc5 22. Qxc5 Nxc5 23. Rd1 Rd8 24. Nxe5 Be8 25. Bf7 Ba4 26. Bg6 Rf8 27.
Rxd6 Nb7 28. Rb6 Na5 29. Ra6 Kg8 30. Rxa5 Be8 31. Ra8 Bxg6 32. Rxf8+ Kxf8 33.
Nxg6+ Kf7 34. Ne5+ Kf6 35. f4 g5 36. fxg5+ hxg5 37. Nf3 Kf5 38. Bxg5 1-0

[Event "SR 5. liga SE-SI 2017/2018"]
[Site "?"]
[Date "2017.11.18"]
[Round "3.1"]
[White "Benak, Peter"]
[Black "Jakubec, Milan"]
[Result "1-0"]
[WhiteElo "1602"]
[BlackElo "2067"]
[PlyCount "105"]
[EventDate "2017.??.??"]

1. c4 e6 2. g3 d5 3. cxd5 exd5 4. Bg2 Nf6 5. Nf3 Bd6 6. Nc3 c6 7. d4 O-O 8. O-O
Nbd7 9. a3 Qe7 10. b4 Ne4 11. Nxe4 dxe4 12. Nd2 f5 13. Qb3+ Kh8 14. e3 Nb6 15.
Bb2 Be6 16. Qc2 Qf7 17. Rfc1 a5 18. Bc3 axb4 19. Bxb4 Bxb4 20. axb4 Nd5 21. Qb1
Qe7 22. b5 Bd7 23. bxc6 Bxc6 24. Nc4 Qb4 25. Qxb4 Nxb4 26. Ne5 Bd5 27. Bf1 Nc6
28. Nxc6 Bxc6 29. Rxa8 Rxa8 30. Rc5 g6 31. d5 Ba4 32. Rc7 Rd8 33. Rxb7 Rxd5 34.
Rb4 Ra5 35. Kg2 Bc6 36. h3 Kg7 37. g4 fxg4 38. hxg4 h5 39. gxh5 gxh5 40. Kg3
Rg5+ 41. Kh4 Rg1 42. Bh3 Rh1 43. Kg3 Rg1+ 44. Kh4 Kh6 45. Rb6 Rg6 46. Bf5 Be8
47. Bxg6 Bxg6 48. Rd6 Kg7 49. Kg5 Be8 50. Re6 Bb5 51. Kxh5 Bd3 52. Kg5 Kf7 53.
Kf5 1-0

[Event "SR 5. liga SE-SI 2017/2018"]
[Site "?"]
[Date "2017.11.18"]
[Round "3.1"]
[White "Solovic, Rastislav"]
[Black "Daniel, Dusan"]
[Result "1-0"]
[WhiteElo "1822"]
[BlackElo "1489"]
[PlyCount "43"]
[EventDate "2017.??.??"]

1. e4 e5 2. Nf3 Nc6 3. Nc3 Bc5 4. Nxe5 d6 5. Nxc6 Qf6 6. d4 Bb6 7. Nd5 Qh4 8.
Nxb6 axb6 9. Nb4 Qxe4+ 10. Qe2 Qxe2+ 11. Bxe2 Ra4 12. Bb5+ Bd7 13. Bxa4 Bxa4
14. b3 Bd7 15. O-O c5 16. Nd5 Bc6 17. Re1+ Kd7 18. Nxb6+ Kc7 19. dxc5 dxc5 20.
Na4 Nf6 21. Nxc5 Bd5 22. c4 1-0

[Event "SR 5. liga SE-SI 2017/2018"]
[Site "?"]
[Date "2017.11.18"]
[Round "3.1"]
[White "Svrcek, Daniel"]
[Black "Otepka, Vladimir"]
[Result "0-1"]
[WhiteElo "1291"]
[BlackElo "1769"]
[PlyCount "131"]
[EventDate "2017.??.??"]

1. e4 c5 2. Nf3 d6 3. d4 cxd4 4. Nxd4 Nf6 5. Nc3 a6 6. Be2 e6 7. Bg5 Be7 8. O-O
Qc7 9. Re1 Nbd7 10. Bd3 Ne5 11. Nf3 Nfg4 12. Nxe5 Nxe5 13. Bxe7 Qxe7 14. Qe2
Bd7 15. Rad1 Rc8 16. a3 O-O 17. Qd2 Rfd8 18. Qe3 Bc6 19. Re2 Rd7 20. Red2 Rcd8
21. b3 b5 22. Be2 Bb7 23. f3 g6 24. a4 b4 25. Na2 Nc6 26. Qb6 d5 27. Qe3 d4 28.
Qf2 e5 29. Nc1 Kg7 30. Nd3 f6 31. Qh4 Qf8 32. Rf1 Re8 33. Qh3 Rf7 34. g4 Nd8
35. Qg3 Ne6 36. h4 a5 37. Bd1 Nc5 38. Nxc5 Qxc5 39. Kh1 Ba6 40. Rff2 Rg8 41. g5
f5 42. Be2 Bxe2 43. Rfxe2 Re8 44. Qh3 Qe7 45. Rg2 fxe4 46. fxe4 Ref8 47. Rg1
Rf3 48. Qh2 R8f4 49. Re2 Qe6 50. Rg3 Rf1+ 51. Rg1 R4f3 52. Rxf1 Rxf1+ 53. Kg2
Qf7 54. Qxe5+ Kg8 55. Qg3 Rf4 56. Rf2 Rxf2+ 57. Qxf2 Qd7 58. Qf4 Qc6 59. Qb8+
Kg7 60. Qa7+ Kg8 61. Qb8+ Kf7 62. Qf4+ Kg7 63. Qf6+ Qxf6 64. gxf6+ Kxf6 65. Kf3
Ke6 66. Ke2 0-1